000 00543cam a22002171 4500
001 sa 65000910
003 DLC
005 20260227112106.0
008 890912s1962 ii 000 0 malo
010 _asa 65000910
035 _a(OCoLC)20330467
040 _aDLC
_cWaU
_dDLC
042 _apremarc
050 0 0 _aPN6222.I5
_bK33
100 2 _aKerala Varma, C. R.,
_d1913-
245 1 0 _aPhalitakkuá¹­ukka.
260 _a[Ernakulam,
_c1962]
300 _ax, 111 p.
_c19 cm.
500 _aIn Malayalam.
650 0 _aMalayalam wit and humor.
999 _c61806
_d61806